| 000 | 00862nam a22002295i 4500 | ||
|---|---|---|---|
| 001 | 158694 | ||
| 003 | ES-MaACL | ||
| 005 | 20250814080102.0 | ||
| 008 | 970605s1879 sp |||| | spa d | ||
| 080 | _a693 | ||
| 100 | 1 |
_aMarcos y Bausa, Ricardo. _9223009 |
|
| 245 | 1 | 0 |
_aManual del albañil / _cpor D. Ricardo Marcos y Bausá. |
| 260 |
_aMadrid : _b[s.n.], _c1879 ( _fTip. de G. Estrada) |
||
| 300 |
_a240 p., [1] h. pleg. de lám. ; _c17 cm. |
||
| 490 | 1 |
_aBiblioteca enciclopédica popular ilustrada. Sección 1ª. Artes y oficios ; _v11 |
|
| 597 | _aMarca tip. en port. | ||
| 650 | 4 |
_aAlbañilería. _9135545 |
|
| 700 | 1 |
_aEstrada, Gregorio. _9126979 |
|
| 830 | 1 | 0 |
_aBiblioteca enciclopédica popular ilustrada. _pArtes y oficios _v11 _9187687 |
| 852 |
_aES-MaACL _jF-13643 _z- Enc. hol., conservando cub. original |
||
| 999 |
_c158694 _d158694 |
||